<?xml version="1.0" encoding="UTF-8"?>
<marc:record xmlns:marc="http://www.loc.gov/MARC21/slim">
   <marc:leader>00000nam a2200000 a 4500</marc:leader>
   <marc:datafield ind1="1" ind2=" " tag="100">
      <marc:subfield code="a">Kästner, Erich</marc:subfield>
      <marc:subfield code="4">aut</marc:subfield>
      <marc:subfield code="e">Verfasser/-in</marc:subfield>
   </marc:datafield>
   <marc:datafield ind1="0" ind2="0" tag="245">
      <marc:subfield code="a">Das doppelte Lottchen</marc:subfield>
   </marc:datafield>
   <marc:datafield ind1="0" ind2="0" tag="245">
      <marc:subfield code="b">Ein Roman für Kinder</marc:subfield>
   </marc:datafield>
   <marc:datafield ind1=" " ind2="1" tag="264">
      <marc:subfield code="b">Cecilie Dressler Verlag</marc:subfield>
      <marc:subfield code="c">1997</marc:subfield>
   </marc:datafield>
   <marc:datafield ind1="1" ind2=" " tag="520">
      <marc:subfield code="a">Es ist schon merkwürdig, wenn sich zwei kleine Mädchen, die nichts voneinander wussten, plötzlich in einem Ferienheim gegenüberstehen und feststellen müssen, dass sie sich gleichen wie ein Ei dem anderen. Luise Palfy aus Wien hat zwar lange Locken und Lotte Körner aus München zwei streng geflochtene Zöpfe - das ist aber auch wirklich der einzige Unterschied. Luise und Lotte beschließen, dem Geheimnis ihrer Ähnlichkeit auf den Grund zu gehen: Luise fährt als Lotte nach München zurück und Lotte als Luise nach Wien...</marc:subfield>
   </marc:datafield>
   <marc:datafield ind1=" " ind2=" " tag="020">
      <marc:subfield code="a">9783791530116</marc:subfield>
      <marc:subfield code="9">9783791530116</marc:subfield>
   </marc:datafield>
</marc:record>
